000 00507nam a2200181Ia 4500
008 180921t2015 xxu||||| |||| 00| 0 sin d
041 _asin
080 _a8C3
_b(Youth) BLY
100 _aBlyton, Enid
245 _aහරිත මිටියාවතේ දරුවෝ
246 _aThe Children at Green Meadow
260 _bWijesooriya
_aMulleriyawa
_c2015
300 _a197p, 22cm
700 _aChandrani Amarakon
_etr.
942 _cBK
999 _c12536
_d12536
003 LK-CoDNM
040 _aLK-CoDNM
_dLK-CoDNM
_eLK-CoDNM